Los GTP en la Región Andina / (Registro nro. 8765)

Detalles MARC
000 -CABECERA
Campo de control 00898nam a22002657a 4500
005 - FECHA Y HORA DE LA ULTIMA TRANSACCION
Campo de control 20141107155350.0
008 - ELEMENTOS DE LONGITUD FIJA—INFORMACION GENERAL
Campo de control 141107s2010 ec a gr 00010 spa d
020 ## - ISBN
ISBN 9789978229569
022 ## - ISSN
ISSN 13901222
041 ## - IDIOMA
Código de idioma para texto/pista de sonido o título separado Español
044 ## - PAÍS DE PUBLICACIÓN
País de publicación Ecuador
082 04 - NUMERO DE CLASIFICACION DECIMAL DEWEY
Número de clasificación 577.38
Número del ítem P27
245 00 - MENCION DE TITULO
Título Los GTP en la Región Andina /
Mención de responsabilidad transcripción por Nadya Ochoa, Editado Patricio Mena Vásconez, Nadia Ochoa y Saskia Flores
260 3# - PUBLICACION, DISTRIBUCION, ETC. (PIE DE IMPRENTA)
Lugar de publicación, distribución, etc. Quito :
Nombre del editor, distribuidor, etc. Ediciones Abya-Yala,
Fecha de publicación, distribución, etc. 2010
300 ## - DESCRIPCION FISICA
Extensión 104 p. :
Dimensiones 21 cm.
490 ## - MENCION DE SERIE
Mención de serie Páramo
Designación numérica/secuencial del volumen 27
504 ## - NOTA DE BIBLIOGRAFIA, ETC.
Nota de bibliografía Incluye bibliografías.
650 #6 - ASIENTO SECUNDARIO DE MATERIA - TERMINO TEMATICO
Término temático o nombre geográfico como elemento de entrada Páramos
Subdivisión geográfica Ecuador
650 #6 - ASIENTO SECUNDARIO DE MATERIA - TERMINO TEMATICO
Término temático o nombre geográfico como elemento de entrada Redes científicas
Subdivisión geográfica Ecuador
Subdivisión general Investigación
700 1# - ASIENTO SECUNDARIO - NOMBRE PERSONAL
Nombre personal Mena-Vásconez, Patricio,
Término de relación ed.
700 1# - ASIENTO SECUNDARIO - NOMBRE PERSONAL
Nombre personal Ochoa, Nadya
Fechas asociadas con el nombre ed.
700 1# - ASIENTO SECUNDARIO - NOMBRE PERSONAL
Nombre personal Flores, Saskia
Fechas asociadas con el nombre ed.
710 2# - ASIENTO SECUNDARIO - NOMBRE CORPORATIVO
Nombre corporativo o de jurisdicción como elemento de entrada Grupo de Trabajo en Páramos del Ecuador (GTP)
942 ## - ELEMENTOS ADICIONALES (KOHA)
Sistema de clasificación Dewey Decimal Classification
Tipo de ítem Libro
Existencias
Withdrawn status Lost status Sistema de Clasificación Damaged status No para préstamo Colección Inventariado Ubicación Permanente Ubicación actual Fecha de adquisición Fuente de Valor Valor Total Checkouts Número topográfico Inventario / Código de Barras Date last seen Ejemplar Price effective from Forma de adquisición Tipo de material
    Dewey Decimal Classification     General Inventariado 2017 Bogotá Bogotá 07/11/2014 Instituto 39000.00   LB-577.38 P27 038421 07/11/2014 Ej. 1 07/11/2014   Libro